National Oil Companies by Country - Statistics

General Stats
  • This quiz has been taken 35 times
  • The average score is 11 of 16
Answer Stats
Picture Answer % Correct
Brazil
100%
Saudi Arabia
100%
Mexico
96%
China
92%
Ecuador
92%
Malaysia
81%
India
77%
Venezuela
69%
Kazakhstan
65%
Colombia
62%
Indonesia
58%
Norway
54%
Argentina
50%
Algeria
46%
Ghana
35%
Bangladesh
12%
No matching quizzes found
Score Distribution
Percent of People with Each Score
Percentile by Number Answered
Your Score History
You have not taken this quiz